| 000 | 00324nam a2200133 i 4500 | ||
|---|---|---|---|
| 001 | bg | ||
| 100 | 1 | _aPOHORILLE, Maksymilian | |
| 245 | 0 |
_aCeny i dochody w rolnictwie / _cMaksymilian Pohorille. |
|
| 260 |
_aWarszawa, _c1972. |
||
| 040 | _cBPK | ||
| 041 | _apol | ||
| 942 | _cKS | ||
| 008 | s pl f |000 0 pol | ||
| 999 |
_c27661 _d27661 |
||
| 856 |
_uhttp://koha.tu.koszalin.pl/cgi-bin/koha/opac-detail.pl?biblionumber=27661 _yKatalog online BPK |
||